MARC details
| 000 -CABECERA |
| campo de control de longitud fija |
01200cam a2200325 a 4500 |
| 001 - NÚMERO DE CONTROL |
| campo de control |
000018225 |
| 005 - FECHA Y HORA DE LA ÚLTIMA TRANSACCIÓN |
| campo de control |
20200929165417.0 |
| 008 - DATOS DE LONGITUD FIJA--INFORMACIÓN GENERAL |
| campo de control de longitud fija |
960522s1991 cu ac 000 0 spa d |
| 035 ## - NÚMERO DE CONTROL DEL SISTEMA |
| Número de control de sistema |
(DLC) 96151687 |
| 035 ## - NÚMERO DE CONTROL DEL SISTEMA |
| Número de control de sistema |
(OCoLC)35897425 |
| 040 ## - FUENTE DE LA CATALOGACIÓN |
| Centro catalogador/agencia de origen |
DO-SdBNP |
| Lengua de catalogación |
spa |
| Centro/agencia transcriptor |
WU |
| Centro/agencia modificador |
DLC |
| -- |
BNPHU |
| 050 00 - SIGNATURA TOPOGRÁFICA DE LA BIBLIOTECA DEL CONGRESO |
| Número de clasificación |
JV7371 |
| Número de documento/Ítem |
.B34 1994 |
| 082 ## - NÚMERO DE LA CLASIFICACIÓN DECIMAL DEWEY |
| Número de clasificación |
NN |
| Número de documento/Ítem |
B142q |
| 049 ## - FONDOS LOCALES (OCLC) |
| Fondos de biblioteca |
BNGR |
| 100 1# - ENTRADA PRINCIPAL--NOMBRE DE PERSONA |
| Nombre de persona |
Báez, Luis, |
| Fechas asociadas al nombre |
1936- |
| 9 (RLIN) |
39456 |
| 245 14 - MENCIÓN DE TÍTULO |
| Título |
Los que se fueron / |
| Mención de responsabilidad, etc. |
Luis Báez ; edición Rubén Martí y Elena Rodríguez. |
| 260 ## - PUBLICACIÓN, DISTRIBUCIÓN, ETC. |
| Lugar de publicación, distribución, etc. |
Habana : |
| Nombre del editor, distribuidor, etc. |
Editorial José Martí, |
| Fecha de publicación, distribución, etc. |
1991. |
| 300 ## - DESCRIPCIÓN FÍSICA |
| Extensión |
155 p. : |
| Otras características físicas |
il. ; |
| Dimensiones |
21 cm. |
| 651 #0 - PUNTO DE ACCESO ADICIONAL DE MATERIA--NOMBRE GEOGRÁFICO |
| Nombre geográfico |
Cuba |
| Subdivisión general |
Emigration And Immigration |
| -- |
History |
| Subdivisión cronológica |
20th century. |
| 9 (RLIN) |
39457 |
| 651 #0 - PUNTO DE ACCESO ADICIONAL DE MATERIA--NOMBRE GEOGRÁFICO |
| Nombre geográfico |
Latin America |
| Subdivisión general |
Emigration And Immigration |
| -- |
History |
| Subdivisión cronológica |
20th century. |
| 9 (RLIN) |
39458 |
| 650 #0 - PUNTO DE ACCESO ADICIONAL DE MATERIA--TÉRMINO DE MATERIA |
| Término de materia o nombre geográfico como elemento de entrada |
Cubans |
| Subdivisión geográfica |
Latin America. |
| 9 (RLIN) |
39459 |
| 650 #0 - PUNTO DE ACCESO ADICIONAL DE MATERIA--TÉRMINO DE MATERIA |
| Término de materia o nombre geográfico como elemento de entrada |
Cubans |
| Subdivisión geográfica |
Latin America |
| Subdivisión general |
Interviews. |
| 9 (RLIN) |
39460 |
| 650 #0 - PUNTO DE ACCESO ADICIONAL DE MATERIA--TÉRMINO DE MATERIA |
| Término de materia o nombre geográfico como elemento de entrada |
Authors, cuban |
| Subdivisión geográfica |
Latin America. |
| 9 (RLIN) |
39461 |
| 650 #0 - PUNTO DE ACCESO ADICIONAL DE MATERIA--TÉRMINO DE MATERIA |
| Término de materia o nombre geográfico como elemento de entrada |
Authors, cuban |
| Subdivisión geográfica |
Latin America |
| Subdivisión general |
Interviews. |
| 9 (RLIN) |
39462 |
| 650 #0 - PUNTO DE ACCESO ADICIONAL DE MATERIA--TÉRMINO DE MATERIA |
| Término de materia o nombre geográfico como elemento de entrada |
Authors, exiled |
| Subdivisión general |
Interviews. |
| 9 (RLIN) |
39463 |
| 650 #0 - PUNTO DE ACCESO ADICIONAL DE MATERIA--TÉRMINO DE MATERIA |
| Término de materia o nombre geográfico como elemento de entrada |
Exiles |
| Subdivisión general |
Interviews. |
| 9 (RLIN) |
39464 |
| 700 1# - PUNTO DE ACCESO ADICIONAL--NOMBRE DE PERSONA |
| Nombre de persona |
Martí, Rubén, |
| Término indicativo de función/relación |
ed. |
| 9 (RLIN) |
39465 |
| 700 1# - PUNTO DE ACCESO ADICIONAL--NOMBRE DE PERSONA |
| Nombre de persona |
Rodríguez, Elena, |
| Término indicativo de función/relación |
ed. |
| 9 (RLIN) |
39466 |
| 910 ## - DATOS DE OPCIÓN DEL USUARIO (OCLC) |
| Datos de opción del usuario |
Catalogación derivada |